Vývoj úrokových mier v krajinách CEE-4 diplomová práca

Uložené v:
Podrobná bibliografia
Hlavný autor: Megisová, Mária
Korporativný autor: Podnikovohospodárska fakulta EU so sídlom v Košiciach. Katedra hospodárskej informatiky a matematiky
Ďalší autori: Lyócsa, Štefan, 1982-
Médium: Kniha
Jazyk:Slovak
Vydavateľské údaje: Košice 2013
Tagy: Pridať tag
Žiadne tagy, Buďte prvý, kto otaguje tento záznam!

MARC

LEADER 00000nbm a2200000 4500
001 0170287
005 20161109102334.8
041 0 |a slo 
044 |a SK 
245 1 0 |a Vývoj úrokových mier v krajinách CEE-4  |b diplomová práca  |c Mária Megisová ; školiteľ: Štefan Lyócsa 
264 1 |a Košice  |c 2013 
300 |a 77 s. 
100 1 |a Megisová, Mária 
700 1 |a Lyócsa, Štefan, 1982- 
710 2 |a Podnikovohospodárska fakulta EU so sídlom v Košiciach. Katedra hospodárskej informatiky a matematiky